Central Library OPAC University of Rajshahi

Libraries of the Southeast: (Record no. 992)

MARC details
000 -LEADER
fixed length control field 01108cam a2200277 a 4500
001 - CONTROL NUMBER
control field 992
003 - CONTROL NUMBER IDENTIFIER
rucl marc code BD-RjUL
005 - DATE AND TIME OF LATEST TRANSACTION
control field 20211208233248.0
008 - FIXED-LENGTH DATA ELEMENTS--GENERAL INFORMATION
fixed length control field 131124s1949 ncu 001 0 eng d
035 ## - SYSTEM CONTROL NUMBER
System control number (BD-RjUL)1014
040 ## - CATALOGING SOURCE
Original cataloging agency DLC
Transcribing agency FJ
Modifying agency BD-RjUL
Language of cataloging eng
041 ## - LANGUAGE CODE
Language code of text/sound track or separate title eng
082 ## - DEWEY DECIMAL CLASSIFICATION NUMBER
Classification number 027.075
Edition number 16
Author mark and year LIB 1949
110 2# - MAIN ENTRY--CORPORATE NAME
Corporate name or jurisdiction name as entry element Southeastern States Cooperative Library Survey.
9 (RLIN) 116161
245 10 - TITLE STATEMENT
Title Libraries of the Southeast:
Remainder of title a report of the Southeastern States Cooperative Library Survey, 1946-1947/
Statement of responsibility, etc. Edited by Louis R. Wilson and Marion A. Milczewski, with a foreword by Helen M. Harris.
260 ## - PUBLICATION, DISTRIBUTION, ETC. (IMPRINT)
Place of publication, distribution, etc. Chapel Hill:
Name of publisher, distributor, etc. Published for the Southeastern Library Association by the University of North Carolina Press,
Date of publication, distribution, etc. 1949.
300 ## - PHYSICAL DESCRIPTION
Pagination xxiv, 301 p. :
Illustrations diagrs. ;
Size 23 cm.
504 ## - BIBLIOGRAPHY, ETC. NOTE
Bibliography, etc Bibliographical footnotes.
650 #0 - SUBJECT ADDED ENTRY--TOPICAL TERM
Topical term or geographic name as entry element Libraries
Geographic subdivision Southern States.
9 (RLIN) 2930
Topical term or geographic name as entry element Library surveys.
9 (RLIN) 2931
700 1# - ADDED ENTRY--PERSONAL NAME
Personal name Wilson, Louis Round,
Dates associated with a name 1876-1979,
Relator term ed.
Personal name Milczewski, Marion A.
Fuller form of name (Marion Anthony),
Dates associated with a name 1912-1981,
Relator term ed.
942 ## - ADDED ENTRY ELEMENTS (KOHA)
Source of classification or shelving scheme Dewey Decimal Classification
Koha item type Books
Holdings
Lost status Source of classification or shelving scheme Damaged status Not for loan Collection code Permanent Location Current Location Shelving location Date acquired Source of acquisition Total Checkouts Full call number Date last seen Copy number Koha item type
  Dewey Decimal Classification   Not For Loan Non-fiction Central Library, University of Rajshahi Central Library, University of Rajshahi Reading Room 11/07/1968 Swets and Zetlinger   027.075 LIB 1949 24/11/2013 C-1 Books